01018nam a2200325uu 4500001000800000005001700008008004100025020001800066035001200084035002100096040001300117041000800130082000800138100004500146245005900191250001100250260004500261300001800306490001600324500007300340650002400413650002200437650003600459650002100495650002600516650004300542700003100585700004400616700003200660109735420260507084026.0080813s2007 spa  a9789586826969 a1097354 a(OCoLC)777271384 ccomduadb aspa 4a37110aTrianes Torres, Maria Victoria4auteaut10aNiños con estres : como evitarlo, como tratarlo : v3 a1. ed. aBogotá :bAlfaomega Colombiana,c2007. a205 páginas0 aPedagogía aCuarta reimpresion, Alfaomega Colombiana S.A., Colombia, julio 2007. aEstrés en niños aEstrés - Causas aEstrés - Prevencion y control aEstrés escolar aNiños con problemas aEstrés infantil - Problemas de salud10aVidal, Juan Jose4illeill10aFigueroa Gutierrez, Martha E.4edteedt10aCupa Leon, Martha4edteedt